000 01186nam a2200229Ia 4500
001 L200-55761
003 IT-CnALBA
008 170116s9999||||xx |||||||||||||| ||und||
040 _aIT-CnALBA
_cIT-CnALBA
041 _aITALIANO
100 _aECKHART MAESTRO
245 0 _aI SERMONI.
250 _a1a ed.
260 _a MI, TO
_bPAOLINE EDITORIALE LIBRI
_c2002 [1° Ed.:2002 - Ed.Ling.Originale: 2002]
300 _a688 p.
500 _aIL PERSONAGGIO. LA DOTTRINA LE OPERE. LA FORTUNA. CRONOLOGIA DELLA VITA. ALCUNI DEL 104 SERMONI. GESÙ PURIFICATORE DEL TEMPIO. UNA DONNA DI NOME MARTA LO ACCOLSE IN CASA SUA. I GIUSTI VIVRANNO IN ETERNO. IL TEMPO DI ELISABETTA SI COMPI'. IO FO SCELTO VOI
501 _aSocietà San Paolo EM - Piazza San Paolo, 14 - 12051 ALBA (CN) (non commercial uses only) ® Copyright 2017
520 _aIL PERSONAGGIO. LA DOTTRINA LE OPERE. LA FORTUNA. CRONOLOGIA DELLA VITA. ALCUNI DEL 104 SERMONI. GESÙ PURIFICATORE DEL TEMPIO. UNA DONNA DI NOME MARTA LO ACCOLSE IN CASA SUA. I GIUSTI VIVRANNO IN ETERNO. IL TEMPO DI ELISABETTA SI COMPI'. IO FO SCELTO VOI
650 _aRELIGIONE - RELIGIONE CRISTIANA
942 _cBK
957 _71
999 _a73261
_bNO
_g Copie: 1
_c314604
_d314604